[Event "SVK-ch U10"]
[Site "Tatralandia"]
[Date "2024.04.09"]
[Round "6"]
[White "Gurin, Stefan"]
[Black "Tomecek, Oskar"]
[Result "1-0"]
[WhiteElo "1000"]
[BlackElo "1000"]
[PlyCount "109"]
[EventDate "2024.04.05"]
[EventType "swiss"]
[EventRounds "9"]
[EventCountry "SVK"]
[SourceTitle "CB16_2024"]
[SourceDate "2024.04.17"]
[SourceVersion "1"]
[SourceVersionDate "2024.04.17"]
[SourceQuality "1"]

1. e4 c5 2. Nc3 Nc6 3. Nf3 d6 4. Bc4 e6 5. d3 Be7 6. Be3 Nf6 7. 0-0 0-0 8. Qe2 e5 9. h3 a6 10. a3 b5 11. Bd5 b4 12. Bxc6 Rb8 13. axb4 Rxb4 14. Ra4 Rxb2 15. Ra2 Rb6 16. Ba4 a5 17. Nb5 Ba6 18. Rb2 Qe8 19. Nc7 Qb8 20. Nxa6 Qb7 21. Rxb6 Qxb6 22. Bb5 Qxb5 23. Nc7 Qc6 24. Nd5 Nxd5 25. exd5 Qxd5 26. Qd2 a4 27. d4 Bf6 28. c3 a3 29. Ra1 Ra8 30. Qa2 Qxa2 31. Rxa2 exd4 32. cxd4 cxd4 33. Bxd4 Bd8 34. Nd2 Bc7 35. Nc4 d5 36. Bb6 Bf4 37. Na5 Re8 38. Ra1 a2 39. g3 Bg5 40. Nb3 Rb8 41. Be3 Bxe3 42. fxe3 Rxb3 43. Rxa2 g6 44. Rd2 Rxe3 45. Kf2 Re5 46. Kf3 Rf5+ 47. Kg4 h5+ 48. Kh4 Re5 49. g4 Re4 50. Rxd5 hxg4 51. hxg4 f5 52. Kg5 fxg4 53. Kxg6 g3 54. Rd8+ Re8 55. Rxe8# 1-0

[Event "SVK-ch U10"]
[Site "Tatralandia"]
[Date "2024.04.07"]
[Round "3"]
[White "Kucak, Matus"]
[Black "Gurin, Stefan"]
[Result "1-0"]
[WhiteElo "1000"]
[BlackElo "1000"]
[PlyCount "105"]
[EventDate "2024.04.05"]
[EventType "swiss"]
[EventRounds "9"]
[EventCountry "SVK"]
[SourceTitle "CB16_2024"]
[SourceDate "2024.04.17"]
[SourceVersion "1"]
[SourceVersionDate "2024.04.17"]
[SourceQuality "1"]

1. e4 e5 2. Nf3 Nc6 3. Nc3 Bc5 4. Nxe5 Nxe5 5. d4 Bd6 6. dxe5 Bxe5 7. Bd2 Nf6 8. Bd3 0-0 9. 0-0 d6 10. Nd5 Ng4 11. Be2 Bxb2 12. Rb1 Nf6 13. Rxb2 Nxe4 14. Bd3 Nf6 15. Nxf6+ Qxf6 16. Qh5 h6 17. Rbb1 Qe6 18. Rfe1 Qxa2 19. Bxh6 Be6 20. Bf4 g6 21. Bxg6 fxg6 22. Qxg6+ Kh8 23. Bh6 Rf7 24. Qxe6 Qxe6 25. Rxe6 Kh7 26. Be3 Raf8 27. Rxb7 Ra8 28. g3 a5 29. Bf4 a4 30. Bxd6 a3 31. Bxa3 Rxa3 32. Rb4 Ra1+ 33. Kg2 Ra5 34. Rh4+ Kg7 35. Rf4 Raf5 36. Rxf5 Rxf5 37. Rc6 Rf7 38. f4 Kf8 39. Kf3 Ke8 40. Ke4 Kd7 41. Ra6 Kc8 42. Kd5 Kb7 43. Re6 c6+ 44. Rxc6 Rd7+ 45. Rd6 Rh7 46. h4 Rh5+ 47. Ke4 Kc7 48. Rg6 Kd7 49. Rg5 Rh6 50. Rd5+ Ke6 51. f5+ Kf6 52. Rd6+ Ke7 53. Rxh6 1-0